[Event "SVK ECo-C Extraliga 2018-19"]
[Site "Slovakia"]
[Date "2019.02.16"]
[Round "5"]
[White "Gasa, Patrik"]
[Black "Joba, Arpad"]
[Result "1/2-1/2"]
[WhiteElo "2186"]
[BlackElo "2009"]
[Annotator "NA"]
[PlyCount "56"]
[EventDate "2018.11.10"]
[EventType "team-tourn"]
[EventCountry "SVK"]
[SourceTitle "playchess.com"]
[Source "ChessBase"]
[SourceQuality "1"]
[WhiteTeam "Osuske"]
[BlackTeam "Komarno"]
[TimeControl "40/5400+30:1800+30"]

1. Nf3 {[%emt 0:00:00]} Nf6 {[%emt 0:00:00]} 2. c4 {[%emt 0:00:16]} g6 {[%emt 0:00:00]} 3. g3 {[%emt 0:00:07]} Bg7 {[%emt 0:00:00]} 4. Bg2 {[%emt 0:00:25]} O-O {[%emt 0:00:00]} 5. O-O {[%emt 0:00:05]} d6 {[%emt 0:00:01]} 6. d4 {[%emt 0:00:16]} c5 {[%emt 0:00:07]} 7. Nc3 {[%emt 0:02:34]} Nc6 {[%emt 0:00:06]} 8. d5 {[%emt 0:07:55]} Na5 {[%emt 0:00:13]} 9. Qd3 {[%emt 0:00:02]} a6 {[%emt 0:05:11]} 10. Nd2 {[%emt 0:04:45]} Ng4 {[%emt 0:19:53]} 11. e4 {[%emt 0:04:10]} b5 {[%emt 0:01:18]} 12. cxb5 {[%emt 0:07:40]} axb5 {[%emt 0:02:02]} 13. Nxb5 {[%emt 0:01:11]} Ba6 {[%emt 0:00:59]} 14. a4 {[%emt 0:04:47]} Qb6 {[%emt 0:06:31]} 15. Rb1 {[%emt 0:05:42]} Ne5 {[%emt 0:13:49]} 16. Qe2 {[%emt 0:01:31]} Bxb5 {[%emt 0:12:38]} 17. Qxb5 {[%emt 0:02:58]} Qxb5 {[%emt 0:00:07]} 18. axb5 {[%emt 0:00:05]} Nd3 {[%emt 0:00:07]} 19. Bf3 {[%emt 0:06:54]} Rfb8 {[%emt 0:06:55]} 20. Be2 {[%emt 0:01:39]} Nb4 {[%emt 0:00:26]} 21. Nc4 {[%emt 0:01:34]} Nb3 {[%emt 0:01:55]} 22. Be3 {[%emt 0:09:18]} Nc2 {[%emt 0:01:24]} 23. Bd3 {[%emt 0:19:06]} Nb4 {[%emt 0:01:57]} 24. Be2 {[%emt 0:01:44]} Nc2 {[%emt 0:07:50]} 25. b6 {[%emt 0:05:38]} Nxe3 {[%emt 0:03:53]} 26. fxe3 {[%emt 0:00:02]} Ra4 {[%emt 0:00:42]} 27. Rfd1 {[%emt 0:01:04]} Rb4 {[%emt 0:05:47]} 28. Kf2 {[%emt 0:06:43]} Bf6 {[%emt 0:03:32]} 1/2-1/2

[Event "SVK ECo-C Extraliga 2018-19"]
[Site "Slovakia"]
[Date "2019.02.16"]
[Round "5"]
[White "Voros, Gellert"]
[Black "Jozefek, Michal"]
[Result "1/2-1/2"]
[WhiteElo "2154"]
[BlackElo "2201"]
[Annotator "NA"]
[PlyCount "41"]
[EventDate "2018.11.10"]
[EventType "team-tourn"]
[EventCountry "SVK"]
[SourceTitle "playchess.com"]
[Source "ChessBase"]
[SourceQuality "1"]
[WhiteTeam "Komarno"]
[BlackTeam "Osuske"]
[TimeControl "40/5400+30:1800+30"]

1. e4 {[%emt 0:00:00]} c5 {[%emt 0:00:00]} 2. c3 {[%emt 0:00:00]} Nf6 {[%emt 0:00:02]} 3. e5 {[%emt 0:00:00]} Nd5 {[%emt 0:00:01]} 4. d4 {[%emt 0:00:06]} cxd4 {[%emt 0:00:06]} 5. Nf3 {[%emt 0:00:11]} Nc6 {[%emt 0:00:08]} 6. Bc4 {[%emt 0:00:07]} Nb6 {[%emt 0:00:11]} 7. Bb3 {[%emt 0:00:09]} d6 {[%emt 0:01:00]} 8. exd6 {[%emt 0:06:51]} Qxd6 {[%emt 0:01:11]} 9. O-O {[%emt 0:00:20]} Bf5 {[%emt 0:08:23]} 10. Nxd4 {[%emt 0:00:53]} Nxd4 {[%emt 0:00:16]} 11. cxd4 {[%emt 0:00:19]} e6 {[%emt 0:01:15]} 12. Nc3 {[%emt 0:03:41]} Be7 {[%emt 0:03:34]} 13. Qf3 {[%emt 0:03:19]} Qd7 {[%emt 0:16:58]} 14. d5 {[%emt 0:21:53]} exd5 {[%emt 0:08:56]} 15. Nxd5 {[%emt 0:01:37]} Nxd5 {[%emt 0:00:51]} 16. Bxd5 {[%emt 0:03:59]} O-O {[%emt 0:01:45]} 17. Bxb7 {[%emt 0:06:20]} Bg4 {[%emt 0:11:14]} 18. Qc6 {[%emt 0:06:37]} Qxc6 {[%emt 0:06:59]} 19. Bxc6 {[%emt 0:00:27]} Rac8 {[%emt 0:00:08]} 20. Ba4 {[%emt 0:00:55]} Bf6 {[%emt 0:02:24]} 21. Be3 {[%emt 0:07:37]} 1/2-1/2

[Event "SVK ECo-C Extraliga 2018-19"]
[Site "Slovakia"]
[Date "2019.02.16"]
[Round "5"]
[White "Magat, Jozef"]
[Black "Jacko, Vladimir"]
[Result "0-1"]
[WhiteElo "2108"]
[BlackElo "2326"]
[Annotator "NA"]
[PlyCount "124"]
[EventDate "2018.11.10"]
[EventType "team-tourn"]
[EventCountry "SVK"]
[SourceTitle "playchess.com"]
[Source "ChessBase"]
[SourceQuality "1"]
[WhiteTeam "Dunajov"]
[BlackTeam "Prakovce"]
[TimeControl "40/5400+30:1800+30"]

1. d4 {[%emt 0:00:00]} Nf6 {[%emt 0:00:16]} 2. Bg5 {[%emt 0:00:00]} g6 {[%emt 0:00:47]} 3. Nc3 {[%emt 0:00:41]} Bg7 {[%emt 0:06:14]} 4. Nf3 {[%emt 0:02:14]} h6 {[%emt 0:00:39]} 5. Bf4 {[%emt 0:00:17]} d6 {[%emt 0:01:25]} 6. h3 {[%emt 0:00:51]} Nbd7 {[%emt 0:13:31]} 7. e3 {[%emt 0:01:05]} O-O {[%emt 0:00:19]} 8. Bc4 {[%emt 0:02:17]} c6 {[%emt 0:14:01]} 9. a4 {[%emt 0:02:32]} Kh8 {[%emt 0:07:27]} 10. O-O {[%emt 0:03:43]} Qe8 {[%emt 0:01:19]} 11. Bh2 {[%emt 0:05:03]} a5 {[%emt 0:04:28]} 12. Ne2 {[%emt 0:04:57]} e5 {[%emt 0:06:47]} 13. dxe5 {[%emt 0:04:20]} Nxe5 {[%emt 0:01:24]} 14. Nxe5 {[%emt 0:04:27]} dxe5 {[%emt 0:00:10]} 15. Nc3 {[%emt 0:02:14]} Qe7 {[%emt 0:02:32]} 16. Qe2 {[%emt 0:04:38]} Nd7 17. e4 {[%emt 0:05:45]} Qb4 {[%emt 0:09:45]} 18. Bb3 {[%emt 0:09:06]} Nc5 {[%emt 0:02:21]} 19. Ra3 {[%emt 0:05:02]} Be6 {[%emt 0:08:57]} 20. Na2 {[%emt 0:13:55]} Qb6 {[%emt 0:00:19]} 21. Bxe6 {[%emt 0:01:27]} Nxe6 {[%emt 0:00:02]} 22. Rb3 {[%emt 0:02:14]} Qa7 {[%emt 0:00:35]} 23. Rc3 {[%emt 0:06:24]} Rfd8 {[%emt 0:00:27]} 24. Rd1 {[%emt 0:02:13]} Qb6 {[%emt 0:02:43]} 25. b3 {[%emt 0:04:12]} Nd4 {[%emt 0:06:43]} 26. Qe1 {[%emt 0:03:42]} g5 {[%emt 0:01:00]} 27. Nc1 {[%emt 0:03:59]} Qb4 {[%emt 0:00:46]} 28. Kh1 {[%emt 0:02:24]} f6 {[%emt 0:04:56]} 29. Nd3 {[%emt 0:01:51]} Qb6 {[%emt 0:01:07]} 30. Bg1 {[%emt 0:00:44]} Bf8 {[%emt 0:01:27]} 31. f3 {[%emt 0:00:30]} c5 {[%emt 0:00:53]} 32. Nb2 {[%emt 0:01:02]} Qe6 {[%emt 0:00:52]} 33. Qf2 {[%emt 0:01:05]} Rd7 {[%emt 0:00:24]} 34. Nc4 {[%emt 0:00:21]} h5 {[%emt 0:01:01]} 35. Ne3 {[%emt 0:00:50]} Rh7 {[%emt 0:00:29]} 36. Bh2 {[%emt 0:00:30]} b6 {[%emt 0:00:14]} 37. Rcd3 {[%emt 0:00:43]} Re8 {[%emt 0:01:05]} 38. c4 {[%emt 0:00:45]} Bh6 {[%emt 0:00:40]} 39. Kg1 {[%emt 0:00:48]} Rg8 {[%emt 0:00:49]} 40. Kf1 {[%emt 0:00:34]} g4 {[%emt 0:00:25]} 41. fxg4 {[%emt 0:30:29]} Bxe3 {[%emt 0:06:50]} 42. Rxe3 {[%emt 0:00:00]} hxg4 {[%emt 0:00:04]} 43. Rdd3 {[%emt 0:00:00]} Rg5 {[%emt 0:13:53]} 44. Ke1 {[%emt 0:00:00]} Kg8 {[%emt 0:04:46]} 45. h4 {[%emt 0:00:00]} Rgh5 {[%emt 0:00:08]} 46. Bg3 {[%emt 0:00:00]} f5 {[%emt 0:02:29]} 47. exf5 {[%emt 0:00:00]} Rxf5 {[%emt 0:00:02]} 48. Qd2 {[%emt 0:00:00]} Rhf7 {[%emt 0:00:49]} 49. Rxd4 {[%emt 0:00:00]} cxd4 {[%emt 0:03:16]} 50. Qxd4 {[%emt 0:00:00]} exd4 {[%emt 0:01:34]} 51. Rxe6 {[%emt 0:00:00]} Rf1+ {[%emt 0:00:36]} 52. Ke2 {[%emt 0:00:00]} Rg1 {[%emt 0:00:28]} 53. Rg6+ {[%emt 0:01:30]} Kh7 {[%emt 0:00:15]} 54. Rxg4 {[%emt 0:00:34]} Rxg2+ {[%emt 0:00:02]} 55. Kd3 {[%emt 0:03:51]} Rf3+ {[%emt 0:00:04]} 56. Kxd4 {[%emt 0:00:12]} Rgxg3 {[%emt 0:00:06]} 57. Re4 {[%emt 0:00:39]} Rd3+ {[%emt 0:00:10]} 58. Ke5 {[%emt 0:00:11]} Rge3 {[%emt 0:00:02]} 59. c5 {[%emt 0:00:26]} bxc5 {[%emt 0:00:13]} 60. Rxe3 {[%emt 0:00:38]} Rxe3+ {[%emt 0:00:02]} 61. Kd5 {[%emt 0:00:12]} Rxb3 {[%emt 0:00:15]} 62. Kxc5 {[%emt 0:00:05]} Kh6 {[%emt 0:00:08]} 0-1

[Event "SVK ECo-C Extraliga 2018-19"]
[Site "Slovakia"]
[Date "2019.02.16"]
[Round "5"]
[White "Kovacik, Emil"]
[Black "Pcola, Jaroslav"]
[Result "1-0"]
[WhiteElo "2073"]
[BlackElo "2103"]
[Annotator "NA"]
[PlyCount "37"]
[EventDate "2018.11.10"]
[EventType "team-tourn"]
[EventCountry "SVK"]
[SourceTitle "playchess.com"]
[Source "ChessBase"]
[SourceQuality "1"]
[WhiteTeam "Dubnica"]
[BlackTeam "Snina"]
[TimeControl "40/5400+30:1800+30"]

1. e4 {[%emt 0:00:00]} c5 {[%emt 0:00:00]} 2. Nf3 {[%emt 0:00:00]} Nc6 {[%emt 0:00:07]} 3. d4 {[%emt 0:00:15]} cxd4 {[%emt 0:00:45]} 4. Nxd4 {[%emt 0:00:34]} g6 {[%emt 0:01:22]} 5. Nc3 {[%emt 0:01:45]} Bg7 {[%emt 0:01:48]} 6. Be3 {[%emt 0:00:18]} Nf6 {[%emt 0:01:13]} 7. Nxc6 {[%emt 0:02:15]} bxc6 {[%emt 0:01:39]} 8. e5 {[%emt 0:00:37]} Ng8 {[%emt 0:00:48]} 9. Bd4 {[%emt 0:01:56]} Nh6 {[%emt 0:14:47]} 10. e6 {[%emt 0:00:30]} f6 {[%emt 0:01:11]} 11. exd7+ {[%emt 0:01:02]} Qxd7 {[%emt 0:00:13]} 12. Bc4 {[%emt 0:00:42]} Nf7 {[%emt 0:05:21]} 13. Bc5 {[%emt 0:06:34]} Qf5 {[%emt 0:09:19]} 14. Qd4 {[%emt 0:05:27]} O-O {[%emt 0:08:48]} 15. O-O-O {[%emt 0:04:59]} e5 {[%emt 0:12:14]} 16. Qd3 {[%emt 0:01:30]} Re8 {[%emt 0:06:29]} 17. Qxf5 {[%emt 0:01:01]} Bxf5 {[%emt 0:00:33]} 18. Rd6 {[%emt 0:01:10]} Kh8 {[%emt 0:05:25]} 19. Bxf7 {[%emt 0:02:32]} 1-0

[Event "SVK ECo-C Extraliga 2018-19"]
[Site "Slovakia"]
[Date "2019.02.16"]
[Round "5.1"]
[White "Balog, Imre"]
[Black "Balogh, Csaba"]
[Result "1-0"]
[WhiteElo "2563"]
[BlackElo "2631"]
[Annotator "TA"]
[PlyCount "75"]
[EventDate "2018.11.10"]
[EventType "team-tourn"]
[EventCountry "SVK"]
[SourceTitle "playchess.com"]
[Source "ChessBase"]
[SourceQuality "1"]
[WhiteTeam "Podhajska"]
[BlackTeam "Modra"]

{[%evp 10,75,17,0,11,0,12,-120,18,20,47,39,39,-13,39,37,34,44,35,31,41,34,36,37,70,74,95,81,141,126,139,135,135,135,135,135,141,122,112,108,114,98,92,92,99,99,97,92,110,93,202,201,569,487,569,562,562,560,554,527,462,280,268,278,281,277,328,331]} 1. d4 d5 2. Nf3 Nf6 3. c4 c6 4. Qc2 dxc4 5. Qxc4 Bg4 6. Nbd2 e6 {D23: Queen's Gambit Accepted: 3 Nf3 Nf6 sidelines} 7. Ne5 (7. g3 Nbd7 8. Bg2 Be7 9. O-O O-O 10. Qb3 b5 11. h3 Bh5 12. g4 Bg6 13. Nh4 Qb6 14. Nxg6 hxg6 {½-½ (63) Mamedyarov,S (2817)-Gozzoli,Y (2630) chess.com INT 2019}) 7... Bf5 8. f3 {[#]} (8. Qb3 $11 {remains equal.}) 8... Nfd7 (8... b5 $1 $17 {[%cal Rb5c4]} 9. Qb3 (9. Qc3 $2 Nd5 $19) 9... Qxd4) 9. e4 $11 Nxe5 $146 ({Predecessor:} 9... Bg6 10. Qc3 Qc7 11. Be2 a5 12. Nd3 Bd6 13. e5 Be7 14. Ne4 {½-½ (47) Von Kiedrowski,K-Meyer Cording,C Hessen 1992}) 10. dxe5 Bg6 11. Qb3 (11. Be2 $14) 11... Qc7 (11... b5 $11) 12. Nc4 $14 b5 13. Nd6+ $1 Bxd6 14. exd6 Qxd6 15. Be3 O-O 16. Qc3 {[%mdl 1024] Bc5 is the strong threat. White has compensation.} Rd8 17. Be2 Na6 18. O-O (18. a4 {looks sharper.} Nc7 19. Rd1 Qe7 20. Qxc6 Rxd1+ 21. Bxd1 f6 22. O-O) 18... f6 (18... Qb4 $142) 19. a4 $16 Nc7 20. Rfd1 Qe7 21. axb5 Nxb5 22. Qxc6 Be8 23. Rxd8 Rxd8 24. Qc4 $36 {[%mdl 2048] Black is under strong pressure.} Rb8 25. Ra6 Bd7 26. b4 Bc8 27. Ra1 {[%cal Ba6a1,Ba1d1,Bd1d8][%mdl 32] Hoping for Bf4.} a6 28. Bc5 Qc7 29. Qb3 Qe5 (29... Kh8 $16 {was necessary.}) 30. Rd1 $18 {[#] Threatens to win with Bxb5.} Nc3 $2 (30... Qc7 {is more resistant.} 31. Bc4 a5) 31. Rd8+ Kf7 32. Bc4 a5 33. f4 Qxf4 {White must now prevent ...Qc1+.} 34. Qxc3 {And now Bd6 would win.} axb4 35. Qd2 Qxd2 {White has a decisive advantage.} 36. Rxd2 Bb7 37. Rd6 ({Don't take} 37. Bxb4 $6 Bxe4 38. Rd7+ Kg6 $18) 37... Kg6 {next ...Rc8 is good for Black.} 38. Rb6 {Accuracy: White = 63%, Black = 40%.} 1-0

[Event "SVK ECo-C Extraliga 2018-19"]
[Site "Slovakia"]
[Date "2019.02.16"]
[Round "5.1"]
[White "Pechac, Jergus"]
[Black "Vajda, Levente"]
[Result "1-0"]
[WhiteElo "2459"]
[BlackElo "2539"]
[Annotator "TA"]
[PlyCount "81"]
[EventDate "2018.11.10"]
[EventType "team-tourn"]
[EventCountry "SVK"]
[SourceTitle "playchess.com"]
[Source "ChessBase"]
[SourceQuality "1"]
[WhiteTeam "Zilina"]
[BlackTeam "Streda"]

{[%evp 19,81,-20,68,36,36,0,88,77,59,6,10,6,4,0,6,-26,-18,-18,-2,-40,2,-105,-99,-118,-131,-131,-118,-127,0,0,0,0,0,0,0,0,72,74,68,68,95,88,112,107,191,197,212,140,237,255,385,384,352,383,379,371,360,321,650,634,681,675,599,531]} 1. d4 d5 2. c4 e6 3. Nc3 Nf6 4. Nf3 c6 5. e3 a6 6. b3 Bb4 7. Bd2 dxc4 {D45: Semi-Slav: 5 e3} (7... O-O 8. Bd3 Nbd7 9. O-O Qe7 10. Qe1 dxc4 11. bxc4 e5 12. Ng5 Rd8 13. a3 Bxa3 14. Qb1 h6 15. Nxf7 Kxf7 16. c5 Bxc5 {1-0 (56) Tomashevsky,E (2702)-Kobalia,M (2619) Satka 2018}) 8. bxc4 $146 ({Predecessor:} 8. Bxc4 O-O 9. a3 Bd6 10. e4 Be7 11. Qe2 c5 12. dxc5 Bxc5 13. e5 Ng4 14. Ne4 Nd7 15. h3 Ngxe5 16. Nxe5 Nxe5 17. Nxc5 {1-0 (24) Whitehead,J (2325)-Ivanov,I (2530) Pasadena 1983}) 8... c5 9. Bd3 Nc6 10. O-O O-O {LiveBook: 3 Games} ({Black should play} 10... cxd4 $11 11. exd4 Nxd4) 11. a3 Ba5 {[%cal Rc5d4]} 12. d5 Bxc3 (12... exd5 $11 13. Nxd5 Be6) 13. Bxc3 $16 exd5 14. cxd5 (14. Bxf6 $1 $14 Qxf6 15. cxd5) 14... Nxd5 $11 15. Bb2 $1 Be6 16. Qc2 h6 17. Rfd1 {Hoping for Bh7+.} Qe7 18. Rac1 Rfd8 19. Ba1 Nf6 20. Qc3 {[#]} (20. Bxf6 $1 $11 {keeps the balance.} Qxf6 21. Qxc5) 20... Rac8 $1 $17 21. h3 {[#]} c4 $1 {[%mdl 512]} 22. Bc2 (22. Bxc4 Rxd1+) 22... b5 23. Be4 a5 (23... Re8 $17 24. Bb1 Rcd8) 24. Bxc6 $1 $11 Rxd1+ 25. Rxd1 b4 26. Qe5 $1 {[%cal Re5a5]} (26. axb4 axb4 27. Qd2 Rxc6 $17) 26... Rxc6 27. Qxa5 {Threatens to win with Rd8+.} Rc8 ({Not} 27... bxa3 $2 28. Rd8+ Kh7 29. Qa8 $18) (27... b3 $1 $11) 28. axb4 $16 {[%cal Ba3b4,Bb4b5,Bb5b6][%mdl 32]} c3 29. b5 Ne4 {[#]} 30. b6 $1 Qb7 31. Nd4 Ra8 (31... Bd7 $16 32. f3 Nf6) 32. Qe5 $18 Rd8 33. Rc1 Bd5 (33... Re8 $16 34. f3 (34. Bxc3 Nxc3 35. Rxc3 Qxb6 $16) 34... Nf6) 34. Bxc3 $40 {[%mdl 128] aiming for Nc6! White attacks with force.} Nxc3 (34... Qxb6 $142 35. Nf5 (35. Nc6 Nxc3 36. Qxc3 Re8 $16) 35... Qf6) 35. Rxc3 Qxb6 36. Nf5 {[%csl Gf5][%cal Re5g7]} f6 37. Qe7 {[%csl Gf5][%cal Re7g7]} ({Weaker is} 37. Ne7+ Kf7 $16) 37... Bf7 38. Rc7 Rf8 $2 (38... Rd1+ 39. Kh2 Qe6 40. Qxe6 Bxe6) 39. Nd6 {White is clearly winning.} Qb1+ 40. Kh2 Qb3 41. Kg3 {Precision: White = 55%, Black = 45%.} 1-0

[Event "SVK ECo-C Extraliga 2018-19"]
[Site "Slovakia"]
[Date "2019.02.16"]
[Round "5.1"]
[White "Mazur, Stefan"]
[Black "Papp, Gabor"]
[Result "0-1"]
[WhiteElo "2428"]
[BlackElo "2610"]
[Annotator "TA"]
[PlyCount "62"]
[EventDate "2018.11.10"]
[EventType "team-tourn"]
[EventCountry "SVK"]
[SourceTitle "playchess.com"]
[Source "ChessBase"]
[SourceQuality "1"]
[WhiteTeam "Liptovska"]
[BlackTeam "Slovan"]

{[%evp 30,62,36,32,36,29,32,33,37,18,35,14,24,0,8,0,0,-25,0,-240,-237,-225,-225,-230,-226,-423,-413,-416,-409,-400,-398,-349,-267,-389,-308]} 1. e4 c5 2. Nf3 d6 3. d4 cxd4 4. Nxd4 Nf6 5. Nc3 Nc6 6. Bg5 e6 7. Qd2 a6 8. O-O-O Bd7 9. f4 Be7 10. Nf3 b5 11. Bxf6 gxf6 12. f5 Qb6 13. fxe6 fxe6 14. g3 O-O-O 15. Bh3 Kb8 16. Kb1 Na5 {B69: Sicilian: Richter-Rauzer: 7...a6 8 0-0-0 Bd7 9 f4 Be7 10 Nf3 b5 11 Bxf6} 17. Nd4 (17. Rhe1 b4 18. Ne2 e5 19. Bxd7 Rxd7 20. Qd5 Rc8 21. b3 Rdc7 22. Rd2 Nc6 23. Nh4 Na7 24. Nf5 {0-1 (60) Le,Q (2715)-Gupta,A (2588) Douglas 2018}) 17... b4 $1 {[%cal Rb4c3]} 18. Nce2 e5 {White is slightly better.} 19. Bxd7 Rxd7 {[%cal Bd8d7,Bd7c7,Bc7c2,Bc2e2][%mdl 32]} 20. Nf5 Nc4 {[#]} 21. Qd5 $146 ({Predecessor:} 21. Qd3 Rc8 22. Nc1 Bf8 23. Nb3 Rdc7 24. Nd2 Nxb2 25. Kxb2 {½-½ (35) Ortiz Suarez,I (2514)-Ruiz Sanchez,O (2385) Merida 2018}) 21... Rc8 $1 22. Rhf1 Bf8 23. Rf3 Rdc7 {Hoping for ...Rc5.} 24. g4 $2 {[#]} (24. Nc1 $1 $11 {and White stays safe.}) 24... Nxb2 $1 $19 {[%mdl 576] Discovered Attack, Decoy} 25. Kxb2 {Strongly threatening Rd2.} Rxc2+ {[%mdl 64] Double Attack} 26. Kb1 {Threatens to win with Nfg3.} Rxe2 $40 {[%mdl 128] Black has strong attack.} 27. Nxd6 $2 {[#]} (27. Rfd3) 27... Qc7 $1 {[%cal Rc7c2][%mdl 512] ( -> ...Qc2+)} 28. Qd3 Qc2+ 29. Qxc2 Rcxc2 30. Rb3 a5 ({Not} 30... Rxh2 31. Rxb4+ Kc7 32. Ne8+ Kc8 33. Nd6+ Bxd6 34. Rxd6 $17) 31. a3 (31. a4 $142) 31... Rc3 {Accuracy: White = 34%, Black = 94%.} 0-1

[Event "SVK ECo-C Extraliga 2018-19"]
[Site "Slovakia"]
[Date "2019.02.16"]
[Round "5.2"]
[White "Banusz, Tamas"]
[Black "Hrabusa, Matej"]
[Result "1/2-1/2"]
[WhiteElo "2612"]
[BlackElo "2405"]
[Annotator "TA"]
[PlyCount "101"]
[EventDate "2018.11.10"]
[EventType "team-tourn"]
[EventCountry "SVK"]
[SourceTitle "playchess.com"]
[Source "ChessBase"]
[SourceQuality "1"]
[WhiteTeam "Slovan"]
[BlackTeam "Liptovska"]

{[%evp 13,101,-7,0,-15,20,7,11,13,45,40,40,43,34,34,33,33,44,36,41,33,35,34,41,0,0,0,14,18,39,38,45,43,46,39,34,32,33,34,31,20,23,35,31,37,22,20,20,27,39,18,31,22,25,37,22,6,54,46,66,15,33,42,51,27,60,63,79,76,74,34,56,0,0,0,0,0,0,0,0,0,0,0,0,0,0,0,0,0,0,0]} 1. Nf3 d5 2. g3 Nf6 3. Bg2 e6 4. d4 Be7 5. c4 O-O 6. Qc2 c5 7. O-O cxd4 8. Nxd4 {E06: Closed Catalan: Early deviations} Na6 9. cxd5 Nb4 10. Qd1 (10. Qb3 e5 11. Nb5 Nbxd5 12. N1c3 Be6 13. Nxd5 Bxd5 14. Bxd5 Qxd5 15. Bg5 Qxb3 16. axb3 {½-½ (46) Carlsen,M (2834)-Wei,Y (2743) Wijk aan Zee 2018}) 10... Nbxd5 $146 ({Predecessor:} 10... e5 11. Nf3 Qxd5 12. Nc3 Qa5 13. a3 Rd8 14. Bd2 Nc6 15. Qb3 h6 {½-½ (41) Li,C (2714)-Papp,G (2597) Dresden 2018}) 11. e4 Nb6 12. Nc3 Bc5 13. Nb3 Bb4 14. e5 Bxc3 15. bxc3 {[#] aiming for Qxd8.} Qxd1 16. Rxd1 Nfd5 17. Ba3 Re8 $1 18. Rac1 Nc4 19. Bd6 Bd7 20. Nd2 Nb2 21. Rf1 {Threatens to win with Rb1.} b5 22. Rc2 $1 {[%cal Rc2b2]} Na4 23. c4 bxc4 24. Nxc4 Bb5 {[#] ...Rac8 is the strong threat.} 25. Rfc1 Rac8 26. Ba3 {Hoping for Nd6.} Bxc4 27. Rxc4 Nac3 28. Rxc8 Rxc8 29. Kf1 Rb8 30. Bd6 Rd8 31. Bxd5 Nxd5 $14 {[%mdl 4096] Endgame KRB-KRN} 32. Rc6 h5 33. Ra6 Rd7 34. Ke2 Rb7 35. Kd3 Kh7 36. a3 (36. Bc5 $14) 36... Kg6 37. Bc5 Nb6 38. Ke4 Nc8 39. f4 {Strongly threatening f5+.} Kh7 $1 40. a4 Rc7 41. Kd4 (41. Bd6 $5 {[%cal Rd6c7]} Rb7 42. a5 $16) 41... Kg6 42. h3 ({White should play} 42. Kc4 $14) 42... Kf5 $11 {The position is equal.} 43. Bd6 Rc1 44. Bc5 Nb6 45. Bxb6 axb6 46. Rxb6 {KR-KR} Ra1 47. Ra6 h4 48. gxh4 {Black must now prevent Ra7.} Kxf4 49. Ra7 f6 50. exf6 ({Much weaker is} 50. Rxg7 Rxa4+ 51. Kc5 Kxe5 $17) 50... gxf6 51. h5 {Accuracy: White = 65%, Black = 68%.} 1/2-1/2

[Event "SVK ECo-C Extraliga 2018-19"]
[Site "Slovakia"]
[Date "2019.02.16"]
[Round "5.2"]
[White "Michalik, Peter"]
[Black "Gazik, Viktor"]
[Result "1-0"]
[WhiteElo "2567"]
[BlackElo "2512"]
[Annotator "TA"]
[PlyCount "59"]
[EventDate "2018.11.10"]
[EventType "team-tourn"]
[EventCountry "SVK"]
[SourceTitle "playchess.com"]
[Source "ChessBase"]
[SourceQuality "1"]
[WhiteTeam "Modra"]
[BlackTeam "Podhajska"]

{[%evp 18,59,91,90,110,117,113,121,88,73,158,167,159,132,170,160,378,388,387,398,392,394,384,287,287,272,266,283,279,285,284,293,316,308,385,372,379,382,492,411,533,521,882,789]} 1. e4 c5 2. Nf3 d6 3. Bb5+ Nc6 4. O-O Bd7 5. Re1 g6 6. c3 Bg7 7. d4 Nf6 {B51: Sicilian: Moscow Variation (3 Bb5+) without 3...Bd7} (7... a6 8. Bf1 Bg4 9. d5 Ne5 10. Be2 Bxf3 11. gxf3 Nf6 12. f4 Ned7 13. Bf3 O-O 14. c4 b5 15. Nc3 bxc4 {0-1 (51) Jones,G (2677)-Andriasian,Z (2603) chess.com INT 2018}) 8. e5 dxe5 9. dxe5 Ng4 {[#]} 10. Bf4 $1 {LiveBook: 3 Games} O-O 11. Na3 a6 12. Bf1 Be6 13. Qe2 $146 ({Predecessor:} 13. h3 Qxd1 14. Raxd1 Nh6 {½-½ (42) Bascetta,B (2001)-Nett,P (2213) IECC email 2009}) 13... h5 ({Better is} 13... Bd5) 14. h3 $16 Nh6 15. Rad1 $36 {[%mdl 2048] Keeping Black busy.} Qa5 16. Qd2 Qa4 $2 (16... Nf5 $16 {is a better defense.}) 17. Bxh6 $18 Rfd8 18. Qc1 Rxd1 19. Rxd1 Nxe5 ({Wrong is} 19... Bxh6 $2 20. Qxh6 Qe4 21. Bd3 $18) 20. Bxg7 Nxf3+ 21. gxf3 Kxg7 22. c4 Kh7 23. Qc2 Qc6 24. Qe4 Qb6 25. Qe5 f6 26. Qe3 Re8 {[#]} 27. b4 $1 {[%cal Bb2b4,Bb4c5][%mdl 32]} Rc8 (27... Qxb4 28. Qxe6) 28. Re1 Rc6 29. bxc5 Qa5 30. Nc2 {Precision: White = 87%, Black = 40%.} 1-0